Direct Taxes Ready Rockoner (Record no. 3519)

MARC details
000 -LEADER
fixed length control field 00400nam a22001697a 4500
005 - DATE AND TIME OF LATEST TRANSACTION
control field 20180412111526.0
008 - FIXED-LENGTH DATA ELEMENTS--GENERAL INFORMATION
fixed length control field 160622b xxu||||| |||| 00| 0 eng d
020 ## - INTERNATIONAL STANDARD BOOK NUMBER
ISBN 81-7194-123-0
041 ## - LANGUAGE CODE
Language code of text/sound track or separate title eng
082 ## - DEWEY DECIMAL CLASSIFICATION NUMBER
Item number 8971
Classification number 343.04
100 ## - MAIN ENTRY--AUTHOR NAME
Personal name Singhania, Dr. Vinod K
245 ## - TITLE STATEMENT
Title Direct Taxes Ready Rockoner
260 ## - PUBLICATION, DISTRIBUTION, ETC. (IMPRINT)
Name of publisher Taxmann
300 ## - PHYSICAL DESCRIPTION
Number of Pages A-302
650 ## - SUBJECT ADDED ENTRY--TOPICAL TERM
Topical Term Management
942 ## - ADDED ENTRY ELEMENTS (KOHA)
Koha item type Books
Holdings
Lost status Damaged status Collection code Home library Shelving location Date acquired Cost, normal purchase price Full call number Accession Number Koha item type Current library
    LAW JRU Library SHELF-31-E 22/06/2016 200.00 343.04 8971 Books  
    LAW JRU Library SHELF-31-E 22/06/2016 200.00 343.04 8972 Books  
    LAW JRU Library SHELF-31-E 22/06/2016 200.00 343.04 8973 Books  
Lost     JRU Library Shelf - 8 - M 22/06/2016 200.00 343.04 8974 Books JRU Library
    LAW JRU Library SHELF-31-E 22/06/2016 200.00 343.04 8975 Books